000 01099cam a2200193 4500500
005 20260301001317.0
041 _afre
042 _adc
100 1 0 _aChapon-Crouzet, Nathalie
_eauthor
245 0 0 _aUn nouveau regard sur le placement familial : relations affectives et mode de suppléance
260 _c2005.
500 _a21
520 _aLa recherche présentée propose de prendre de la distance par rapport aux modèles classiques familiaux en s’ouvrant sur les relations affectives qui se tissent en accueil familial, positionnant les familles d’accueil au cœur de la pluriparentalité. À partir d’une enquête auprès d’assistantes maternelles de l’aide sociale à l’enfance, nous analysons les relations affectives au quotidien des familles d’accueil à partir d’une approche novatrice des modes de suppléance.
690 _aattachement
690 _aParentalité
690 _asuppléance
786 0 _nDialogue | 167 | 1 | 2005-03-01 | p. 17-27 | 0242-8962
856 4 1 _uhttps://shs.cairn.info/revue-dialogue-2005-1-page-17?lang=fr&redirect-ssocas=7080
999 _c1673559
_d1673559